Социология: Структурно-логические схемы с комментариями; учебное пособие

Detalles Bibliográficos
Autor Principal: Рысь Ю. И.
Outros autores: Степанов В. Е.
Summary:Исключено из фонда НТБ ТПУ
Idioma:ruso
Publicado: Москва, Академический проект, 1999
Series:Gaudeamus
Formato: Libro
KOHA link:https://koha.lib.tpu.ru/cgi-bin/koha/opac-detail.pl?biblionumber=30761

MARC

LEADER 00000nam0a2200000 4500
001 30761
005 20231030204124.0
010 |a 5829100177 
010 |a 5-8361-0007-1 
035 |a (RuTPU)RU\TPU\book\31036 
035 |a BOOK00000042 
090 |a 30761 
100 |a 20011209d1999 m y0rusy50 ca 
101 0 |a rus 
102 |a RU 
105 |a y j 000zy 
200 1 |a Социология  |e Структурно-логические схемы с комментариями  |e учебное пособие  |f Ю. И. Рысь, В. Е. Степанов 
210 |a Москва  |c Академический проект  |c Изд-во научно-образовательной литературы РЭА  |d 1999 
215 |a 244 
225 1 |a Gaudeamus 
333 |a Исключено из фонда НТБ ТПУ 
686 |a С5я73  |v LBC/SL-A  |2 rubbk 
700 1 |a Рысь  |b Ю. И. 
701 1 |a Степанов  |b В. Е. 
801 0 |a RU  |b 63413507  |c 20011209  |g PSBO 
801 2 |a RU  |b 63413507  |c 20210617  |g PSBO 
942 |c BK